[Event "7th Sinquefield Cup GCT 2019"]
[Site "Saint Louis"]
[Date "2019.08.23"]
[Round "6.5"]
[White "Mamedyarov, Shakhriyar"]
[Black "So, Wesley"]
[Result "1/2-1/2"]
[WhiteElo "2764"]
[BlackElo "2776"]
[Annotator "TA"]
[PlyCount "28"]
[EventDate "2019.08.17"]
[EventType "tourn"]
[EventCountry "USA"]
[SourceTitle "playchess.com"]
[Source "ChessBase"]
[SourceQuality "1"]

{[%evp 9,28,21,39,22,11,0,15,15,27,15,14,10,11,15,28,0,7,0,36,0,17]} 1. d4 d5 2. c4 dxc4 3. e4 Nf6 4. e5 Nd5 5. Bxc4 Bf5 6. Ne2 {D20: Queen's Gambit Accepted: 3 e3 and 3 e4} (6. Qb3 c6 7. Ne2 Qb6 8. Qf3 Bxb1 9. Bxd5 cxd5 10. Rxb1 e6 11. O-O Nc6 12. Be3 Be7 13. Nf4 {½-½ (38) Gelfand,B (2703)-Laznicka,V (2662) Novy Bor 2018}) 6... e6 7. Nbc3 Nb6 8. Bb5+ $146 ({Predecessor:} 8. Bb3 Nc6 9. O-O Qd7 10. Be3 O-O-O 11. Rc1 Kb8 12. Na4 f6 13. Nxb6 axb6 14. Ba4 fxe5 15. Bb5 Qd5 16. Nc3 Qd6 17. Bxc6 bxc6 18. dxe5 Qxd1 19. Rfxd1 {0-1 (44) Espinosa Veloz,E (2516)-Quesada Perez,Y (2538) Santa Clara 2019}) 8... Nc6 9. Ng3 Bg6 10. h4 {Threatening h5.} h5 11. Nge2 Bf5 12. Ng3 {With the idea d5.} Bg6 $1 13. Nge2 Bf5 14. Ng3 {White wants to play d5.} Bg6 $1 1/2-1/2

[Event "7th Sinquefield Cup GCT 2019"]
[Site "Saint Louis"]
[Date "2019.08.23"]
[Round "6.6"]
[White "Karjakin, Sergey"]
[Black "Aronian, Levon"]
[Result "1/2-1/2"]
[WhiteElo "2750"]
[BlackElo "2765"]
[Annotator "TA"]
[PlyCount "76"]
[EventDate "2019.08.17"]
[EventType "tourn"]
[EventCountry "USA"]
[SourceTitle "playchess.com"]
[Source "ChessBase"]
[SourceQuality "1"]

{[%evp 11,76,10,10,10,10,6,7,7,16,5,11,16,12,20,22,21,18,13,17,13,14,14,11,0,0,0,0,0,0,0,0,0,41,41,97,10,3,7,10,0,0,0,0,0,0,0,0,0,0,0,0,0,0,0,0,0,0,0,0,0,0,0,0,0,0,0,0]} 1. d4 Nf6 2. c4 e6 3. Nf3 d5 4. Nc3 Be7 5. Bf4 O-O 6. e3 Nbd7 7. a3 $146 {D37: Queen's Gambit Declined: 5 Bf4} (7. c5 Nh5 8. Bd3 Nxf4 9. exf4 b6 10. b4 a5 11. a3 c6 12. O-O Qc7 13. g3 Ba6 14. Kg2 Bxd3 15. Qxd3 Ra7 {½-½ (40) Giri,A (2797)-Radjabov,T (2756) Shamkir 2019}) ({Predecessor:} 7. cxd5 Nxd5 8. Nxd5 exd5 9. a3 {½-½ (54) Baramidze,D (2591)-Fridman,D (2652) Germany 2011}) 7... c5 8. cxd5 Nxd5 9. Nxd5 exd5 10. dxc5 Nxc5 11. Be5 Bg4 12. Be2 Bxf3 13. Bxf3 Bf6 14. Bxf6 Qxf6 15. Qc2 Ne6 16. Bxd5 Rac8 17. Qd2 Rfd8 18. O-O $1 Nc7 19. e4 Nxd5 20. exd5 Rc5 21. Rad1 g6 22. b4 Rc3 (22... Rcxd5 $14 23. Qxd5 Rxd5 24. Rxd5 b6) 23. a4 (23. Rfe1 $16) 23... Rc4 $11 {The position is equal.} 24. d6 Rd7 25. g3 Kg7 ({Much weaker is} 25... Rc6 26. Qe3 $16) 26. b5 Re4 27. Rfe1 Rxe1+ 28. Qxe1 Rxd6 29. Rxd6 Qxd6 {[%mdl 4096] Endgame KQ-KQ} 30. Qc3+ Qf6 31. Qc7 Qa1+ 32. Kg2 Qxa4 33. Qxb7 Qc4 34. Qxa7 {Black must now prevent Qa1+.} Qd5+ 35. Kg1 {aiming for Qa1+.} Qd1+ 36. Kg2 {And now Qc5 would win.} Qd5+ {[%mdl 64] [#] Double Attack} 37. Kg1 {Strongly threatening Qa4.} Qd1+ 38. Kg2 {Qc5 is the strong threat.} Qd5+ {[%mdl 64] Double Attack. Accuracy: White = 74%, Black = 79%.} 1/2-1/2

[Event "7th Sinquefield Cup GCT 2019"]
[Site "Saint Louis"]
[Date "2019.08.24"]
[Round "7.2"]
[White "Giri, Anish"]
[Black "Caruana, Fabiano"]
[Result "1/2-1/2"]
[WhiteElo "2779"]
[BlackElo "2818"]
[Annotator "TA"]
[PlyCount "99"]
[EventDate "2019.08.17"]
[EventType "tourn"]
[EventCountry "USA"]
[SourceTitle "playchess.com"]
[Source "ChessBase"]
[SourceQuality "1"]

{[%evp 12,99,10,12,31,27,45,19,43,27,16,18,33,18,28,14,23,20,13,22,18,0,10,5,11,18,14,10,10,11,12,8,9,8,16,18,14,0,0,0,0,0,0,0,0,0,0,0,0,-4,0,0,0,0,0,0,0,0,0,0,0,0,0,0,0,0,0,0,0,0,0,0,0,0,0,0,0,0,0,-8,0,0,0,0,0,0,0,0,0,0]} 1. d4 Nf6 2. c4 e6 3. Nf3 d5 4. Nc3 Be7 5. Bf4 O-O 6. e3 b6 7. Bd3 dxc4 {D37: Queen's Gambit Declined: 5 Bf4} 8. Bxc4 Ba6 9. Qe2 (9. Bxa6 Nxa6 10. Qa4 Qc8 11. O-O c5 12. Rac1 Qb7 13. a3 Rfc8 14. Nb5 Nb8 15. dxc5 bxc5 {½-½ (35) Shankland,S (2725)-Anand,V (2773) Wijk aan Zee 2019}) 9... Qc8 10. O-O (10. Rc1 {is interesting.} Bxc4 11. Qxc4 Na6 12. O-O c5 13. Nb5) 10... Bxc4 11. Qxc4 c5 12. dxc5 Qxc5 13. Qxc5 $146 ({Predecessor:} 13. Qe2 Nbd7 14. Rac1 Qh5 15. Rfd1 {1-0 (49) Kashlinskaya,A (2427)-Ovod,E (2380) Sochi 2017}) 13... Bxc5 14. Rac1 Rd8 {The position is equal.} 15. h3 h6 16. Bxb8 Raxb8 17. Rc2 Nd5 18. Nxd5 Rxd5 19. Rfc1 a5 20. Kf1 f5 21. Ke2 Kf7 22. Rc4 Rbd8 23. g4 g6 24. h4 e5 25. e4 fxe4 26. Rxe4 Ke6 27. a3 Rf8 28. Rc3 h5 29. Rc2 b5 30. b4 axb4 31. axb4 Bd6 32. Ng5+ Kd7 33. Nh7 Rf7 $1 {[%cal Rf7h7]} 34. Ng5 Rf4 35. gxh5 gxh5 36. Rxf4 exf4 $11 {[%mdl 4096] Endgame KRB-KRN} 37. Ne4 Be7 38. Kf3 Bxh4 39. Nc3 Rf5 40. Ke4 Ke6 41. Ra2 {[#] Black must now prevent Ra6+.} Re5+ 42. Kxf4 {Strongly threatening Ra6+.} Rf5+ 43. Ke4 {Ra6+ is the strong threat.} Rxf2 44. Rxf2 Bxf2 {KB-KN} 45. Kf3 Bd4 (45... Be1 {looks sharper.} 46. Nxb5 Bxb4 47. Kg3 Be1+ 48. Kh3 Bf2) 46. Nxb5 Kd5 47. Nxd4 Kxd4 48. Kg3 Kc4 49. Kh4 Kxb4 50. Kxh5 {Accuracy: White = 84%, Black = 68%.} 1/2-1/2

[Event "7th Sinquefield Cup GCT 2019"]
[Site "Saint Louis"]
[Date "2019.08.24"]
[Round "7.3"]
[White "Carlsen, Magnus"]
[Black "Nepomniachtchi, Ian"]
[Result "1/2-1/2"]
[WhiteElo "2882"]
[BlackElo "2774"]
[Annotator "TA"]
[PlyCount "67"]
[EventDate "2019.08.17"]
[EventType "tourn"]
[EventCountry "USA"]
[SourceTitle "playchess.com"]
[Source "ChessBase"]
[SourceQuality "1"]

{[%evp 17,67,20,17,0,16,18,27,12,22,9,18,0,2,-10,-17,0,-26,-29,-25,-21,-33,-29,0,-27,-27,-40,0,-1,-1,-1,-1,-15,0,0,0,0,0,0,0,0,0,0,0,0,0,0,0,0,0,0,0,0]} 1. d4 Nf6 2. c4 g6 3. Nc3 d5 4. cxd5 Nxd5 5. e4 Nxc3 6. bxc3 Bg7 7. Qa4+ Nd7 {[%cal Bb8d7,Bd7b6,Bb6c4][%mdl 32]} 8. Nf3 c5 9. Be2 O-O 10. O-O {D85: Exchange Grünfeld: Unusual White 7th moves and lines with 7 Nf3} Nb6 11. Qa3 cxd4 12. cxd4 {White has an edge.} Bg4 13. Rd1 Bxf3 {[#]} 14. Bxf3 $146 ({Predecessor:} 14. gxf3 Bxd4 15. Bg5 Bxa1 16. Rxd8 Rfxd8 17. Qxe7 Rd7 {1-0 (39) Riazantsev,A (2671)-Navara,D (2751) Montpellier 2015}) 14... Bxd4 {[#]} 15. e5 $1 {[%mdl 512] And now Rb1 would win.} Nc4 (15... Bxe5 16. Rxd8) 16. Qb4 Rc8 17. Bh6 {Threatens to win with Rac1.} Bxa1 18. Rxd8 Rfxd8 19. e6 $1 Ne5 20. exf7+ Nxf7 21. Be3 $1 {[#]} Bd4 $1 {[%mdl 512]} 22. Qxe7 {The position is equal.} (22. Bxd4 Rc1+) 22... Re8 23. Qa3 b6 24. Bd5 Rc5 25. Bxf7+ Kxf7 26. Qxa7+ Re7 27. Qa6 b5 {( -> ...Rc1+!)} 28. h3 Bxe3 29. fxe3 $11 {KQ-KRR} Rce5 30. Qb6 R7e6 31. Qb7+ Re7 32. Qb6 R7e6 33. Qb7+ Re7 34. Qb6 {Accuracy: White = 59%, Black = 70%.} 1/2-1/2

[Event "7th Sinquefield Cup GCT 2019"]
[Site "Saint Louis"]
[Date "2019.08.24"]
[Round "7.4"]
[White "Vachier-Lagrave, Maxime"]
[Black "Mamedyarov, Shakhriyar"]
[Result "1/2-1/2"]
[WhiteElo "2778"]
[BlackElo "2764"]
[Annotator "TA"]
[PlyCount "66"]
[EventDate "2019.08.17"]
[EventType "tourn"]
[EventCountry "USA"]
[SourceTitle "playchess.com"]
[Source "ChessBase"]
[SourceQuality "1"]

{[%evp 12,66,20,15,15,12,25,16,24,9,21,25,44,44,42,50,52,43,74,63,64,58,69,70,68,74,84,84,84,84,84,84,84,64,64,64,64,22,22,23,26,18,18,18,18,18,18,18,18,18,18,0,18,0,18,0,18]} 1. e4 e5 2. Nf3 Nc6 3. Bc4 Bc5 4. c3 Nf6 5. d3 d6 6. O-O h6 7. Re1 O-O {C54: Giuoco Piano: 4 c3 Nf6, main lines with 5 d4 and 5 d3} 8. Nbd2 Ne7 9. d4 Bb6 10. Bb3 Nc6 $146 {[%cal Re5d4]} ({Predecessor:} 10... exd4 11. cxd4 Ba5 12. Bc2 Bg4 13. a3 Nc6 {½-½ (41) Predke,A (2535)-Dubov,D (2644) Sochi 2016}) 11. Nc4 {[%cal Rd4e5]} exd4 12. Nxb6 axb6 13. Nxd4 Re8 14. Bc2 Bg4 15. f3 Bh5 16. c4 Nxd4 17. Qxd4 Nd7 18. b3 Qf6 19. Qxf6 Nxf6 20. Bb2 Nd7 21. g4 Bg6 22. Kf2 Bh7 23. h4 g5 24. hxg5 hxg5 25. Rh1 {[#] Black must now prevent Rxh7!} Ne5 26. Kg3 Kg7 {The position is equal.} 27. a4 f6 28. Bc3 Bg6 29. Rh2 Rf8 30. Rah1 Rfe8 31. Ra1 Rf8 32. Rah1 Rfe8 33. Ra1 Rf8 {Accuracy: White = 61%, Black = 59%.} 1/2-1/2

[Event "7th Sinquefield Cup GCT 2019"]
[Site "Saint Louis"]
[Date "2019.08.24"]
[Round "7.5"]
[White "So, Wesley"]
[Black "Karjakin, Sergey"]
[Result "1/2-1/2"]
[WhiteElo "2776"]
[BlackElo "2750"]
[Annotator "TA"]
[PlyCount "84"]
[EventDate "2019.08.17"]
[EventType "tourn"]
[EventCountry "USA"]
[SourceTitle "playchess.com"]
[Source "ChessBase"]
[SourceQuality "1"]

{[%evp 13,84,15,12,11,15,12,7,8,14,6,14,17,21,21,21,21,21,19,18,14,14,20,26,23,18,0,0,0,16,0,10,3,24,18,15,21,17,18,17,18,16,15,18,14,18,13,21,12,12,12,16,14,22,19,20,0,0,0,0,0,0,0,0,0,0,0,0,0,0,0,0,0,0]} 1. d4 Nf6 2. Nf3 d5 3. c4 e6 4. Nc3 Be7 5. Bf4 O-O 6. e3 b6 7. cxd5 Nxd5 8. Nxd5 {D37: Queen's Gambit Declined: 5 Bf4} Qxd5 9. Be2 $146 (9. Bd3 Qa5+ 10. Kf1 Ba6 11. Bxc7 Bxd3+ 12. Qxd3 Na6 13. Bg3 Nb4 14. Qe2 Rfc8 15. a3 Qa4 {0-1 (54) Caruana,F (2832)-Nakamura,H (2746) London 2018}) 9... Qa5+ 10. Nd2 Ba6 $1 11. O-O c5 12. Nc4 Bxc4 13. Bxc4 {Threatening d5.} cxd4 14. exd4 {next d5 is good for White.} Nc6 15. d5 exd5 16. Qxd5 Qxd5 17. Bxd5 Rac8 18. Rfd1 Bf6 19. Rab1 Nd4 {[#] Strongly threatening ...Ne2+.} 20. Kf1 Rfe8 21. g3 Rc5 22. Bg2 Ne6 23. Be3 Rc2 {The position is equal.} 24. Rd7 Re7 25. Rxe7 Bxe7 26. Be4 Rc7 27. Rc1 Bc5 28. Bd2 Rd7 29. Be1 a5 30. a3 {[%cal Ba2a3,Ba3b4][%mdl 32]} g6 31. b4 axb4 32. axb4 Be7 33. Rc8+ Kg7 34. Rc6 Rd1 {[#] ...Bxb4 is the strong threat.} 35. Ke2 Rd4 36. Rxe6 (36. Bg2 {with more complications.} b5 37. Rb6 Bxb4 38. Rxb5 Bxe1 39. Kxe1 Ra4 40. Rb2) 36... fxe6 $11 {[%mdl 4096] Endgame KRB-KB} 37. Bc3 Bf6 38. Bxd4 Bxd4 39. Bc2 Kf6 40. Be4 Kg7 41. Bd3 Kf6 42. Be4 Kg7 {Accuracy: White = 72%, Black = 76%.} 1/2-1/2

[Event "7th Sinquefield Cup GCT 2019"]
[Site "Saint Louis"]
[Date "2019.08.24"]
[Round "7.6"]
[White "Aronian, Levon"]
[Black "Nakamura, Hikaru"]
[Result "1/2-1/2"]
[WhiteElo "2765"]
[BlackElo "2743"]
[Annotator "TA"]
[PlyCount "80"]
[EventDate "2019.08.17"]
[EventType "tourn"]
[EventCountry "USA"]
[SourceTitle "playchess.com"]
[Source "ChessBase"]
[SourceQuality "1"]

{[%evp 21,80,0,7,-11,0,0,3,6,18,11,15,0,0,0,0,-8,2,2,12,5,4,1,4,7,6,2,15,14,12,17,16,12,27,25,22,10,11,4,8,0,0,0,5,0,0,0,5,0,0,0,0,0,0,0,0,0,0,0,0,0,0]} 1. e4 c5 2. Nf3 d6 3. d4 cxd4 4. Nxd4 Nf6 5. Nc3 a6 6. Be2 g6 7. O-O Bg7 8. Re1 O-O 9. Bf1 Nc6 10. Nb3 b5 11. Bg5 h6 12. Bh4 {B70: Sicilian Dragon: 6 g3 and 6 Be2 (without a later Be3)} g5 13. Bg3 {[#]} Bg4 $146 ({Predecessor:} 13... b4 14. Nd5 Nd7 15. c3 bxc3 16. Nxc3 Nde5 17. Qd2 Kh7 18. Rac1 f5 19. exf5 Bxf5 {½-½ (29) Schmaltz,R (2519)-Khenkin,I (2627) Bad Wiessee 2003}) 14. f3 Be6 15. Bf2 d5 16. exd5 Nxd5 17. Nxd5 Qxd5 18. c3 b4 19. Nc5 {Strongly threatening Qxd5.} Qxd1 20. Rexd1 bxc3 21. bxc3 Bf5 22. Bxa6 {[#] And now Bb7 would win.} Bxc3 23. Bb7 Nb4 {...Ra5 is the strong threat.} 24. Bxa8 Rxa8 25. a4 {[%cal Ba2a4,Ba4a5][%mdl 32] next Ra3 is good for White.} Bxa1 26. Rxa1 f6 27. a5 Bc8 28. h3 {The position is equal.} Kf7 29. Rb1 Na6 30. Ne4 Rb8 31. Rc1 Bd7 32. Bd4 h5 33. Bb6 Rc8 34. Rxc8 Bxc8 35. Nc5 Nxc5 36. Bxc5 $11 {KB-KB} h4 37. Bb4 Ba6 38. Bc5 Bc8 39. Bb4 Ba6 40. Bc5 Bc8 {Accuracy: White = 64%, Black = 65%.} 1/2-1/2

[Event "7th Sinquefield Cup GCT 2019"]
[Site "Saint Louis"]
[Date "2019.08.25"]
[Round "8.1"]
[White "Caruana, Fabiano"]
[Black "Anand, Viswanathan"]
[Result "1/2-1/2"]
[WhiteElo "2818"]
[BlackElo "2756"]
[Annotator "TA"]
[PlyCount "88"]
[EventDate "2019.08.17"]
[EventType "tourn"]
[EventCountry "USA"]
[SourceTitle "playchess.com"]
[Source "ChessBase"]
[SourceQuality "1"]

{[%evp 13,88,0,0,0,0,8,5,10,10,7,10,10,19,18,15,14,19,-8,-8,-55,-43,-50,-49,-58,-58,-55,-62,-52,-60,-83,-56,-73,-21,-55,0,0,0,0,36,37,23,0,0,-15,-15,-30,37,23,60,60,60,33,38,41,30,34,77,52,74,58,64,28,30,23,59,50,54,10,10,10,10,0,0,0,10,0,0]} 1. d4 Nf6 2. c4 e6 3. Nf3 d5 4. Nc3 Be7 5. Bf4 O-O 6. e3 b6 7. cxd5 Nxd5 8. Nxd5 {D37: Queen's Gambit Declined: 5 Bf4} Qxd5 9. a3 (9. Bd3 Qa5+ 10. Kf1 Ba6 11. Bxc7 Bxd3+ 12. Qxd3 Na6 13. Bg3 Nb4 14. Qe2 Rfc8 15. a3 Qa4 {0-1 (54) Caruana,F (2832)-Nakamura,H (2746) London 2018}) 9... Ba6 10. Bxa6 Nxa6 11. b4 Bd6 12. Bg3 Nb8 13. Qd3 {[#]} b5 $146 ({Predecessor:} 13... f5 14. O-O Nd7 15. Qa6 Nb8 {½-½ (41) Alexandrov,A (2630)-Boensch,U (2547) Saint Vincent 2005}) 14. e4 Qb7 15. d5 exd5 16. e5 Be7 17. Nd4 a5 18. Nf5 Re8 19. Nxe7+ Rxe7 20. O-O $1 Nd7 21. Qc3 axb4 22. axb4 Rc8 (22... Rxa1 $17 23. Rxa1 Re8) 23. Rfc1 c6 (23... Ree8 $15) 24. f4 $1 $11 f6 25. Bf2 {[#] Ra7 is the strong threat.} Qc7 {[%cal Rf6e5]} 26. Ra7 Qd8 27. Qh3 {Strongly threatening Bc5.} fxe5 28. fxe5 Rc7 {White must now prevent ...Rxa7.} 29. Ra3 Nxe5 (29... Qc8 $11) 30. Bb6 $36 {[%mdl 2048] Black is under pressure.} Qc8 {[#] Hoping for ...Qxh3.} 31. Bxc7 Qxh3 $1 32. Rxh3 Rxc7 {[%mdl 4096] Endgame KRR-KRN} 33. Re1 Nc4 34. Rf3 {[%cal Re1e8]} h6 35. Re6 c5 36. bxc5 Rxc5 37. h4 Nd2 38. Rd3 Ne4 39. Rb6 {[%mdl 1024] White has compensation.} Kh7 40. g4 Rc1+ {The position is equal.} 41. Kg2 Rc2+ 42. Kg1 Rc1+ 43. Kg2 Rc2+ 44. Kg1 Rc1+ {Accuracy: White = 66%, Black = 58%.} 1/2-1/2

[Event "7th Sinquefield Cup GCT 2019"]
[Site "Saint Louis"]
[Date "2019.08.25"]
[Round "8.2"]
[White "Carlsen, Magnus"]
[Black "Ding, Liren"]
[Result "1/2-1/2"]
[WhiteElo "2882"]
[BlackElo "2805"]
[Annotator "TA"]
[PlyCount "84"]
[EventDate "2019.08.17"]
[EventType "tourn"]
[EventCountry "USA"]
[SourceTitle "playchess.com"]
[Source "ChessBase"]
[SourceQuality "1"]

{[%evp 10,84,17,4,8,8,11,8,12,0,13,0,0,-12,-24,-7,0,0,0,0,0,0,0,0,0,0,0,0,0,0,0,0,0,0,0,0,0,0,0,0,0,3,13,13,14,12,12,12,41,12,18,0,0,0,0,6,2,0,0,0,0,0,0,0,0,0,0,0,0,0,0,0,0,0,0,0,0]} 1. d4 Nf6 2. c4 e6 3. Nc3 Bb4 4. Nf3 O-O 5. Bg5 c5 6. Rc1 h6 {E21: Nimzo-Indian: 4 Nf3} 7. Bh4 cxd4 8. Nxd4 d5 9. cxd5 g5 10. Bg3 Qxd5 $1 11. e3 Qxa2 12. Qc2 Nd5 13. h4 Nxc3 14. bxc3 $146 ({Predecessor:} 14. hxg5) 14... Qxc2 15. Rxc2 Be7 $1 16. hxg5 hxg5 17. f4 Nc6 18. fxg5 Bxg5 19. Rh5 f6 20. Nf3 Bxe3 21. Re2 Bc1 22. Re4 $1 {[%cal Re4g4]} e5 23. Bc4+ Kg7 {[#] White must now prevent ...Rh8.} 24. Reh4 Kg6 $1 25. Rh7 Bg4 26. Bd3+ f5 $1 ({Not} 26... Bf5 27. R4h5 Bg5 28. Nh4+ Bxh4 29. Bxf5#) 27. Nxe5+ Nxe5 28. Bxe5 {[%csl Ge5][%cal Rh7g7] [#]} Kg5 29. g3 {[%cal Rh7g7]} (29. Rh1 $5 {[%cal Rh7g7]} Rg8 30. Bd4 $14 (30. Rxb7 Rae8 $15)) 29... Rg8 {Threatens to win with ...Rae8.The position is equal.} 30. Rxb7 {With the idea Bd4.} Rae8 31. Rb5 Rg6 {Hoping for ...Rge6.} 32. Kf2 Rb6 $132 {[%mdl 2048] Strongly threatening ...Rxb5. Black has counterplay} 33. Rxb6 axb6 34. Rh1 Rxe5 35. Rxc1 $11 {[%mdl 4096] Endgame KRB-KRB} f4 36. gxf4+ Kxf4 37. Rb1 Rc5 38. Rb4+ Kg5 39. Rxb6 Rxc3 40. Ke3 Bf5 41. Rd6 $1 Rxd3+ 42. Rxd3 Bxd3 {Accuracy: White = 86%, Black = 95%.} 1/2-1/2

[Event "7th Sinquefield Cup GCT 2019"]
[Site "Saint Louis"]
[Date "2019.08.25"]
[Round "8.3"]
[White "Karjakin, Sergey"]
[Black "Vachier-Lagrave, Maxime"]
[Result "1-0"]
[WhiteElo "2750"]
[BlackElo "2778"]
[Annotator "TA"]
[PlyCount "101"]
[EventDate "2019.08.17"]
[EventType "tourn"]
[EventCountry "USA"]
[SourceTitle "playchess.com"]
[Source "ChessBase"]
[SourceQuality "1"]

{[%evp 19,100,18,20,16,34,20,49,47,39,27,29,36,40,18,42,9,61,60,93,97,87,87,85,83,83,83,84,89,127,114,118,124,131,126,138,139,148,107,107,107,107,106,107,107,141,135,781,895,898,896,851,869,857,844,798,770,854,871,791,769,731,725,637,596,1179,1158,1152,1145,1145,1114,987,880,29990,29991,29992,29993,29993,29994,29996,29997,29998,29999,29999]} 1. d4 Nf6 2. c4 g6 3. Nc3 d5 4. cxd5 Nxd5 5. e4 Nxc3 6. bxc3 Bg7 7. Bc4 c5 8. Ne2 Nc6 9. Be3 O-O 10. O-O b6 11. dxc5 {D87: Exchange Grünfeld: Classical Line: Variations without ...cxd4} (11. Rc1 Bb7 12. Qd2 e6 13. Rfd1 Rc8 14. f3 cxd4 15. cxd4 Qd6 16. Bh6 Bxh6 17. Qxh6 Na5 18. Bd3 Rxc1 19. Qxc1 {½-½ (50) Nakamura,H (2746)-Vachier Lagrave,M (2781) London 2018}) 11... Qc7 12. Nd4 Ne5 13. Nb5 {White is slightly better.} Qb8 14. Bd5 Ng4 {[%csl Gg4][%cal Rb8h2]} 15. g3 Nxe3 16. fxe3 {Hoping for Bxf7+!} a6 17. Nd4 {Threatens to win with Nc6.} bxc5 (17... Bh3 $11) 18. Rb1 $36 {[%mdl 2048] White fights for an advantage.} Qa7 $146 ({Predecessor:} 18... Qc7 19. Bxa8 cxd4 20. cxd4 {½-½ (28) Bluebaum,M (2413)-Colpe,M (2208) playchess.com INT 2012}) 19. Nc6 Qc7 {[#] next ...Bh3 is good for Black.} 20. Nxe7+ $1 {[%mdl 576] Discovered Attack} Qxe7 21. Bxa8 {Black must now prevent Bd5.} Bh3 22. Bd5 {Rb7 is the strong threat.} Bxf1 23. Qxf1 Bxc3 24. Qxa6 Qg5 25. Qe2 Kh8 26. Kg2 f5 27. Qd3 Be5 28. Rf1 Kg7 29. exf5 Rxf5 30. a4 Rxf1 31. Kxf1 Bd4 32. Bc4 $1 ({Much weaker is} 32. exd4 $6 Qxd5 33. a5 cxd4 $11) 32... Bxe3 $2 {[%mdl 8192]} (32... Qf6+ $16 33. Kg1 Bc3) 33. Qd7+ $18 Kh6 34. Qh3+ Kg7 35. Qe6 $1 {[%cal Re6f7] And now Qf7+ would win.} Bd4 36. Qf7+ Kh6 {[#]} 37. a5 $1 {[%cal Ba4a5,Ba5a6][%mdl 32]} Bf6 38. Kg2 Qd2+ 39. Kh3 Qg5 {[#]} 40. Qf8+ $1 Bg7 41. Qf3 {aiming for a6.} Bd4 42. a6 {White wants to mate with a7.} Qe7 43. Qa8 Bf6 44. a7 Qd7+ 45. g4 Qe7 46. Qf3 {White mates.} Qxa7 47. Qxf6 Qa3+ {[#]} 48. Bd3 $1 {[%mdl 512]} Qxd3+ 49. Kh4 {[%csl Gf6,Gh4][%cal Rg4g5]} Qd4 50. Qf8+ Qg7 51. g5# {Accuracy: White = 96%, Black = 45%.} 1-0

[Event "7th Sinquefield Cup GCT 2019"]
[Site "Saint Louis"]
[Date "2019.08.25"]
[Round "8.4"]
[White "Nepomniachtchi, Ian"]
[Black "Aronian, Levon"]
[Result "1-0"]
[WhiteElo "2774"]
[BlackElo "2765"]
[Annotator "TA"]
[PlyCount "107"]
[EventDate "2019.08.17"]
[EventType "tourn"]
[EventCountry "USA"]
[SourceTitle "playchess.com"]
[Source "ChessBase"]
[SourceQuality "1"]

{[%evp 16,107,20,14,20,12,23,0,8,0,0,0,0,0,2,0,11,14,41,26,37,40,41,43,61,66,74,38,25,29,76,56,127,125,147,147,137,123,121,121,143,93,150,148,172,103,241,205,262,237,245,229,319,317,328,347,339,336,327,294,297,298,340,325,322,95,58,75,75,106,83,50,50,50,53,39,268,272,268,232,270,259,1481,561,504,489,2487,2564,2302,1879,29957,6270,29985,29986]} 1. e4 e5 2. Nf3 Nc6 3. Bc4 Nf6 4. d3 Bc5 5. O-O d6 6. c3 a6 7. Re1 Ba7 8. Bb3 O-O 9. h3 Re8 {C54: Giuoco Piano: 4 c3 Nf6, main lines with 5 d4 and 5 d3} 10. Nbd2 Be6 11. Ba4 (11. Nf1 Bxb3 12. Qxb3 Rb8 13. Ng3 Qd7 14. Nh4 Kh8 15. Nhf5 Qe6 16. Be3 Qxb3 17. axb3 {½-½ (28) Ragger,M (2701)-Aronian,L (2765) Germany 2019}) 11... b5 {The position is equal.} 12. Bc2 h6 $146 ({Predecessor:} 12... Ne7 13. Nf1 Ng6 {1-0 (49) Zizek,R (1145)-Meglic,E (1545) Ptuj 2017}) 13. Nf1 d5 14. exd5 Bxd5 15. Ng3 Nh7 16. a4 Nf8 17. b4 Ng6 18. Be3 Bxe3 19. fxe3 Qd7 20. Nd2 Nce7 21. Nb3 Qc6 22. Qd2 Nh4 {[%cal Rd5g2]} 23. e4 Qg6 (23... Bxb3 $14 24. Bxb3 Rad8) 24. Kh2 $16 Bc6 25. Nc5 f5 26. exf5 Nexf5 27. Nge4 Bd5 28. Re2 Rad8 (28... a5 $142) 29. Rf1 Nd6 {...Nxe4 would now be nice for Black.} 30. Qe1 ({White should play} 30. d4 $1 $18 Nxe4 31. Nxe4) 30... Nhf5 (30... Nxe4 $16 {is a better defense.} 31. dxe4 (31. Nxe4 Nf5 $16) 31... Bc4) 31. a5 Rf8 32. Ref2 Rf7 33. Rf3 (33. Nxa6 Nxe4 34. dxe4 Qg3+ 35. Kg1 Ne3 $11) 33... h5 34. Nxa6 h4 35. Nac5 Rdf8 36. Kg1 Qh6 37. Qc1 Ne3 {aiming for ...Rxf3.} 38. Rxf7 Rxf7 39. Rxf7 Kxf7 40. Qe1 $2 (40. Bb3 $18) 40... Nxc2 41. Qf2+ {[%mdl 64] Double Attack} Ke8 {Hoping for ...Qc1+.} 42. Qxc2 Bxe4 43. Nxe4 Nxe4 44. dxe4 {[%mdl 4096] Endgame KQ-KQ} Qe3+ $1 45. Kf1 Qf4+ $2 {[#]} (45... Kd7 $1 $14) 46. Qf2 $1 $18 {[%cal Rf2f4] And now Qxf4 would win.} Qc1+ 47. Qe1 Qf4+ 48. Kg1 {a6 is the strong threat.} Kd8 $2 (48... Kd7 49. a6 Kc6) 49. Qf2 (49. a6 $142) 49... Qc1+ 50. Kh2 {Strongly threatening a6.} Qxc3 {[#]} (50... Kc8 $142 51. a6 (51. Qxh4 Qxc3 52. a6 Kb8 $18) 51... Kb8 52. Qf8+ {[%mdl 64] Double Attack} (52. Qxh4 Qxc3 53. Qh8+ Ka7 $18) 52... Ka7 53. Qc5+ {[%mdl 64] Double Attack} (53. Qxg7 Qxc3 54. Qg6 c6 $11) 53... Kxa6 54. Qc6+ (54. Qxc7 Qf4+ {[%mdl 64] Double Attack} 55. Kh1 Qc1+ 56. Kh2 Qf4+ {[%mdl 64] Double Attack} 57. Kg1 Qe3+ 58. Kf1 Qd3+ 59. Kg1 Qe3+ 60. Kf1 Qd3+ 61. Kg1 Qe3+ $11) (54. Qxe5 c6 $11) 54... Ka7 55. Qxc7+ {[%mdl 64] Double Attack} Ka8 56. Qa5+ (56. Qxg7 Qf4+ {[%mdl 64] Double Attack} 57. g3 Qf2+ 58. Kh1 hxg3 $11) 56... Kb7 57. Qxb5+ {[%mdl 64] Double Attack} Ka7 58. Qxe5 Ka6) 51. a6 $1 Ke8 52. Qxh4 Qa3 53. Qh5+ {[%mdl 64] Double Attack} Kf8 54. Qf3+ {Accuracy: White = 75%, Black = 28%.} 1-0